000 00397nam a22001457a 4500
005 20251108173229.0
008 250721s9999 xx 000 0 ara d
082 1 4 _aط/ق/وال
245 1 0 _aوالت ديزني للأطفال /
264 1 _aبيروت :
_bدار القبس،
650 1 7 _aالقصص العربية
650 1 7 _aأدب الأطفال
942 _2ddc
_cBK
999 _c99074
_d99074